000 01175cam a22002771 4500
001 huntertrap00fast
003 CaSfIA
005 20210118101830.0
007 cr||||
856 4 1 _uhttp://www.archive.org/details/huntertrap00fast
_zFree eBook from the Internet Archive
856 4 2 _uhttp://www.openlibrary.org/books/OL5539179M
_zAdditional information and access via Open Library
005 20060503125715.0
008 750415s1967 nyu 000 1 eng
035 _9(DLC) 67016536
010 _a 67016536
035 _a(OCoLC)1277674
040 _aDLC
_cFM
_dOCoLC
_dDLC
_dCaSfIA
050 0 0 _aPZ3.F265
_bHu
_aPS3511.A784
100 1 _aFast, Howard,
_d1914-2003.
245 1 4 _aThe hunter and the trap,
_h[electronic resource]
_cby Howard Fast.
260 _aNew York,
_bDial Press
_c1967.
300 _a214 p.
_c22 cm.
942 _cEB
506 _fНеобхідна авторизація на https://archive.org/ (створення облікового запису безкоштовно)
506 _fНеобхідна авторизація на https://openlibrary.org/ (створення облікового запису безкоштовно)
999 _c509650
_d509650